| 000 | 00859nam a2200229 i 4500 | ||
|---|---|---|---|
| 001 | 60645 | ||
| 003 | ES-MaACL | ||
| 005 | 20250914102200.0 | ||
| 007 | t| | ||
| 008 | 031105s1958 sp ||||1| spa d | ||
| 245 | 0 | 1 |
_a¿Está en peligro la cultura? _b: coloquio sobre los medios de información : prensa, cine, radio, televisión / _cDuhamel ... [et al.] ; [presentación de Dionisio Ridruejo]. |
| 260 |
_aMadrid : _bGuadarrama, _c1958 ( _fCastilla) |
||
| 300 |
_a416 p. ; _c19 cm. |
||
| 490 | 1 | _aGuadarrama de crítica y ensayo | |
| 650 | 0 | 4 |
_aCivilización. _911079 |
| 650 | 0 | 0 |
_aCultura- _vCongresos y asambleas. _911517 |
| 700 | 1 |
_aRidruejo, Dionisio, _d1912-1975 _997065 |
|
| 700 | 1 |
_aDuhamel, Georges, _d1884-1966 _945938 |
|
| 830 | 1 |
_aGuadarrama de crítica y ensayo _9182728 |
|
| 852 |
_aES-MaACL _jC-15681 |
||
| 999 |
_c60645 _d60645 |
||